00578nam a2200145 a 4500008004100000050001800041100001800059245005300077260000900130300001100139350000900150995012800159995012800287999001700415120416s1998 xx |||||||||||||| || u aSB 950.95 Bio aCopping, L. G14aThe Biopesticide manualcedited by L. G. Copping c1998 a: ill. a0.00 aREFERENCE BOOKSD0.00e735620FCBU-MAIN LIBRARY (Kitwe)H1I27.50jSB 950.95 BioM1UREFERENCEy48777ZReference Collection aREFERENCE BOOKSD0.00e735619FCBU-MAIN LIBRARY (Kitwe)H2I27.50jSB 950.95 BioM2UREFERENCEy48775ZReference Collection c84677d84677